000 01119nam a2200265Ia 4500
001 933.92-HAD mi fl (7598)
003 IT-MiSPE
008 171229s9999||||xx |||||||||||||| ||und||
040 _aIT-MiSPE
_cIT-MiSPE
041 _aITALIANO
100 _aMireille Hadas-Lebel
240 _aFlavius Josèphe: Le juif de Rome
245 0 _aFlavio Giuseppe
_bL'ebreo di Roma
250 _a1a ed. (v)
260 _aCinisello B.mo
_bEd. Paoline
_c1992
300 _a293 p.
_c22 cm
490 _aTempi e figure
_v15
500 _aGiuseppe Flavio
501 _aEdizioni San Paolo srl - Piazza Soncino, 5 - 20092 CINISELLO BALSAMO (MI) (non commercial uses only) ® Copyright 2018
520 _aCart. geo.
700 _aDorino Tuniz
_g(traduzione)
942 _cBK
957 _71
999 _a19263
_bNO
_g Copie: 1
_c356496
_d356496